000 00988nam a22002537a 4500
999 _c5698
_d5698
003 OSt
005 20251015093034.0
008 251015b ||||| |||| 00| 0 eng d
020 _a9781474927802
_qbook set
040 _cKH8
082 _aFIC TWA
100 _aTwain, Mark,
_eauthor.
245 _aThe Prince and the Pauper /
_cMark Twain and illustrated by Katie Pamment.
260 _aEngland ;
_bUsborne Publishing Ltd ,
_c2008.
300 _a64 pages :
_bcolour illustrations ;
_c20 cm.
490 _aUsborne Young Reading
_vseries two
520 _aIn Tudor England, a young ragged boy wanders the streets to beg for money. He passes the golden gates of Westminster Palace and there, by chance, he meets the prince. It is a moment that will change both their lives, forever...
650 _aEasy reading
_vfiction
650 _aStory book
_vfiction
650 _aYoung readers
700 _aPamment, Katie,
_eillustrator.
830 _aUsborne Young Reading
942 _2ddc
_cFIC